| 000 | 00885cam a22001935a 4500 | ||
|---|---|---|---|
| 001 | L156272 | ||
| 008 | 120510s1866 xxk f 000 0 eng d | ||
| 035 | _a(Sirsi) u156272 | ||
| 041 | 0 | _aeng | |
| 100 | 1 |
_aClarke, Alexander Ross _d1828-1914 |
|
| 245 | 0 | 0 |
_aComparisons of the standards of length of England, France, Belgium, Prussia, Russia, India, Australia _bmade at the Ordnance survey office, Southampton _cby Captain A. R. Clarke ... under the direction of Colonel Sir Henry James ... Published by order of the secretary of state for war |
| 260 |
_aLondon _bPrinted by George Edward Eyre and William Spottiswoode for H. M. S. O. _c1866 |
||
| 300 |
_a287 p., 9 fold. leaves of plates _bill. _c31 cm. (4o) |
||
| 583 | 0 |
_aCondition reviewed _c20120620 _lcondition level 1 |
|
| 651 | 4 | _aInternational | |
| 690 |
_aMeasurement _96256 |
||
| 710 | 1 |
_aOrdnance Survey _91860 |
|
| 942 | _n0 | ||
| 999 |
_c114143 _d114143 |
||